[Event "4. Moscu Open 2008"]
[Site "Moscu RUS"]
[Date "2008.02.02"]
[Round "1.29"]
[White "Korotylev, Alexey"]
[Black "Kalugin, Sergey V"]
[Result "1/2-1/2"]
[WhiteElo "2607"]
[BlackElo "2377"]
[PlyCount "95"]
[EventDate "2008.02.02"]
[EventType "swiss"]
[EventRounds "9"]
[EventCountry "RUS"]
[Source "lmi"]
[SourceDate "2008.02.02"]

1. d4 d6 2. c4 e5 3. Nf3 e4 4. Ng5 f5 5. Nc3 Nf6 6. e3 c6 7. d5 Ng4 8. Nh3 Be7
9. Nf4 O-O 10. Be2 Ne5 11. a3 a5 12. Bd2 Ng6 13. Nxg6 hxg6 14. Qb3 Na6 15. Na4
Kh7 16. O-O g5 17. Rad1 cxd5 18. cxd5 Nc5 19. Nxc5 dxc5 20. Bc3 Bd6 21. Qc2 Bd7
22. f3 exf3 23. Bxf3 g4 24. Bxg4 Qg5 25. Bf3 Qxe3+ 26. Kh1 Qh6 27. g3 b6 28.
Bd2 Qf6 29. Qc1 Rae8 30. Bg5 Qf7 31. Bf4 Qf6 32. Rf2 Kg8 33. Bg2 Ba4 34. Rdf1
Bb5 35. Bxd6 Qxd6 36. Rd1 Ba4 37. Re1 Rxe1+ 38. Qxe1 Re8 39. Qd2 Bd7 40. Bf3
Re7 41. Kg2 Re8 42. h4 Re7 43. Kh2 Bc8 44. Bg2 Bd7 45. Qg5 Re8 46. Qd2 Re7 47.
Qg5 Re8 48. Rd2 1/2-1/2

[Event "4. Moscu Open 2008"]
[Site "Moscu RUS"]
[Date "2008.02.02"]
[Round "1.30"]
[White "Lebedev, Sergey"]
[Black "Kuzubov, Yuriy"]
[Result "0-1"]
[WhiteElo "2590"]
[BlackElo "2606"]
[PlyCount "118"]
[EventDate "2008.02.02"]
[EventType "swiss"]
[EventRounds "9"]
[EventCountry "RUS"]
[Source "lmi"]
[SourceDate "2008.02.02"]

1. d4 d5 2. c4 dxc4 3. e4 Nf6 4. e5 Nd5 5. Bxc4 Nb6 6. Bb3 Nc6 7. Ne2 Bf5 8.
Nbc3 e6 9. a3 Be7 10. Be3 O-O 11. O-O Na5 12. Ba2 Nac4 13. Ng3 Bg6 14. Qe2 Nxe3
15. Qxe3 Qd7 16. Rad1 c6 17. f4 Kh8 18. Kh1 Nd5 19. Nxd5 cxd5 20. Bb1 Bxb1 21.
Rxb1 g6 22. Ne2 Rac8 23. g4 f5 24. gxf5 Rxf5 25. Rbc1 Rcf8 26. Rg1 Bd8 27. Rc2
Bb6 28. Rg4 Qf7 29. Qg3 Rg8 30. Rg5 Bd8 31. Rxf5 Qxf5 32. Rc1 Qe4+ 33. Qg2 Qd3
34. Qg4 h5 35. Qg2 Bb6 36. Rg1 Bxd4 37. Qg5 Kh7 38. Nxd4 Qxd4 39. Qe7+ Rg7 40.
Qxe6 Qe4+ 41. Rg2 d4 42. Qf6 d3 43. f5 g5 44. h3 d2 45. Qd6 Qxf5 46. Qxd2 Qxh3+
47. Kg1 Qf5 48. Qe2 g4 49. Rf2 Qg6 50. Rf6 Qb1+ 51. Rf1 Qg6 52. Rf6 Qg5 53.
Qe4+ Rg6 54. Rf7+ Kh6 55. Rxb7 Qc1+ 56. Kg2 Qd2+ 57. Kh1 g3 58. Qg2 Qc1+ 59.
Qg1 g2+ 0-1

[Event "4. Moscu Open 2008"]
[Site "Moscu RUS"]
[Date "2008.02.02"]
[Round "1.31"]
[White "Kaidanov, Gregory S"]
[Black "Filipenko, Alexander V"]
[Result "1/2-1/2"]
[WhiteElo "2604"]
[BlackElo "2373"]
[PlyCount "73"]
[EventDate "2008.02.02"]
[EventType "swiss"]
[EventRounds "9"]
[EventCountry "RUS"]
[Source "lmi"]
[SourceDate "2008.02.02"]

1. c4 c6 2. d4 d5 3. Nf3 Nf6 4. Nc3 e6 5. Bg5 h6 6. Bxf6 Qxf6 7. Qb3 Nd7 8. e4
dxe4 9. Nxe4 Qf4 10. Bd3 e5 11. O-O exd4 12. Rfe1 Be7 13. Ng3 Nc5 14. Qa3 Ne6
15. Qa5 Bd8 16. Qc5 Be7 17. Qa5 Bd8 18. Qa3 Be7 19. c5 O-O 20. Re5 Bf6 21. Nh5
Qxf3 22. gxf3 Bxe5 23. Re1 Bc7 24. Bc4 Bd7 25. f4 Nxf4 26. Nxf4 Bxf4 27. Re7
Rad8 28. Qf3 Bg5 29. Rxf7 Rxf7 30. Qxf7+ Kh8 31. Bd3 Bf6 32. Kf1 b6 33. b4 a6
34. Ke2 Bg4+ 35. Kd2 Bf3 36. Qb7 Bg5+ 37. Kc2 1/2-1/2

[Event "4. Moscu Open 2008"]
[Site "Moscu RUS"]
[Date "2008.02.02"]
[Round "1.32"]
[White "Krylov, Mikhail"]
[Black "Grachev, Boris"]
[Result "1-0"]
[WhiteElo "2371"]
[BlackElo "2601"]
[PlyCount "83"]
[EventDate "2008.02.02"]
[EventType "swiss"]
[EventRounds "9"]
[EventCountry "RUS"]
[Source "lmi"]
[SourceDate "2008.02.02"]

1. d4 d5 2. c4 e6 3. Nf3 c6 4. g3 dxc4 5. Bg2 b5 6. O-O Nf6 7. a4 Bb7 8. b3
cxb3 9. Nbd2 Nbd7 10. Nxb3 b4 11. Qc2 c5 12. Nxc5 Bxc5 13. dxc5 Rc8 14. Be3 O-O
15. a5 Qe7 16. Qb2 Nxc5 17. Qxb4 Nd5 18. Qa3 Nxe3 19. Qxe3 Bd5 20. Nd4 Rfd8 21.
Rfc1 Bxg2 22. Kxg2 Qb7+ 23. Nf3 Na6 24. Rab1 Qa8 25. h4 h6 26. Kh2 Rxc1 27.
Rxc1 Qb7 28. Ne5 Nb8 29. Qf4 Rf8 30. Rc4 Nd7 31. Nxd7 Qxd7 32. Rc7 Qb5 33. Rxa7
Qxe2 34. Kg2 Qb5 35. a6 Qc5 36. Rc7 Qa5 37. a7 g5 38. hxg5 hxg5 39. Qd6 Ra8 40.
Rc5 Qxa7 41. Rxg5+ Kh7 42. Qf4 1-0

[Event "4. Moscu Open 2008"]
[Site "Moscu RUS"]
[Date "2008.02.02"]
[Round "1.33"]
[White "Bocharov, Dmitry"]
[Black "Shkurikhin, Ilia"]
[Result "1-0"]
[WhiteElo "2600"]
[BlackElo "2371"]
[PlyCount "85"]
[EventDate "2008.02.02"]
[EventType "swiss"]
[EventRounds "9"]
[EventCountry "RUS"]
[Source "lmi"]
[SourceDate "2008.02.02"]

1. d4 Nf6 2. Nf3 e6 3. c4 c5 4. d5 exd5 5. cxd5 d6 6. Nc3 g6 7. h3 Bg7 8. Bf4
O-O 9. e3 Nh5 10. Bh2 f5 11. Be2 f4 12. O-O fxe3 13. fxe3 Qe7 14. e4 Nf4 15. e5
dxe5 16. d6 Nxe2+ 17. Qxe2 Qxd6 18. Bxe5 Bxe5 19. Nxe5 Nd7 20. Qc4+ Kg7 21.
Rf7+ Kh8 22. Nxd7 Bxd7 23. Rd1 Be6 24. Rxh7+ Kg8 25. Rxd6 Bxc4 26. Rxb7 Rf1+
27. Kh2 Bf7 28. Ne4 c4 29. Rdd7 Be6 30. Rg7+ Kf8 31. Ng5 Bg8 32. Nh7+ Bxh7 33.
Rxh7 Kg8 34. Rbg7+ Kf8 35. Rc7 Kg8 36. Rhg7+ Kf8 37. Rh7 Kg8 38. Rcg7+ Kf8 39.
Rxg6 Rf2 40. Rc6 Kg8 41. Rb7 Rc2 42. a4 Rd8 43. Rxa7 1-0

[Event "4. Moscu Open 2008"]
[Site "Moscu RUS"]
[Date "2008.02.02"]
[Round "1.35"]
[White "Popov, Ivan"]
[Black "Kislov, Oleg"]
[Result "1-0"]
[WhiteElo "2590"]
[BlackElo "2358"]
[PlyCount "45"]
[EventDate "2008.02.02"]
[EventType "swiss"]
[EventRounds "9"]
[EventCountry "RUS"]
[Source "lmi"]
[SourceDate "2008.02.02"]

1. e4 e6 2. d4 d5 3. Nc3 Nf6 4. Bg5 Be7 5. e5 Nfd7 6. h4 Bxg5 7. hxg5 Qxg5 8.
Qd3 Nf8 9. Nh3 Qe7 10. Nf4 Nc6 11. O-O-O Bd7 12. Qg3 Rg8 13. Nh5 O-O-O 14. Nf6
gxf6 15. Qxg8 fxe5 16. dxe5 Ng6 17. Qg7 Qg5+ 18. Kb1 Ncxe5 19. g3 Nf3 20. Be2
Nd2+ 21. Ka1 d4 22. Rh5 Qe7 23. Qxd4 1-0

[Event "4. Moscu Open 2008"]
[Site "Moscu RUS"]
[Date "2008.02.02"]
[Round "1.36"]
[White "Nezad, Husein Aziz"]
[Black "Yakovich, Yuri"]
[Result "0-1"]
[WhiteElo "2355"]
[BlackElo "2595"]
[PlyCount "102"]
[EventDate "2008.02.02"]
[EventType "swiss"]
[EventRounds "9"]
[EventCountry "RUS"]
[Source "lmi"]
[SourceDate "2008.02.02"]

1. e4 c5 2. Nf3 Nc6 3. Bb5 g6 4. Bxc6 bxc6 5. O-O Bg7 6. Re1 Nh6 7. c3 O-O 8.
d4 cxd4 9. cxd4 d6 10. Nc3 f6 11. b3 Nf7 12. Bb2 Bd7 13. Qc2 Rc8 14. h3 Qc7 15.
Rad1 Qb7 16. Qd2 Rcd8 17. Qc2 Qc8 18. Bc1 g5 19. Ne2 Kh8 20. Ng3 Rg8 21. Nh2
Bf8 22. Bb2 d5 23. Ba3 Re8 24. Re2 Nd8 25. Rde1 Ne6 26. Qd1 Nf4 27. Re3 Qa6 28.
Bc5 Qxa2 29. Qa1 Qxa1 30. Rxa1 e5 31. Bxa7 Ra8 32. Nf3 g4 33. hxg4 Bxg4 34.
dxe5 Bxf3 35. Rxf3 fxe5 36. Bd4 Bg7 37. Rxa8 Rxa8 38. Bc3 d4 39. Bd2 Ra1+ 40.
Kh2 Rd1 41. Bxf4 exf4 42. Rxf4 d3 43. Rf7 d2 44. Rd7 Be5 45. Kh3 h5 46. Kh4 Bf4
47. Rd8+ Kh7 48. Nxh5 Bh6 49. Rd7+ Kg6 50. Rd6+ Kf7 51. e5 Rh1+ 0-1

[Event "4. Moscu Open 2008"]
[Site "Moscu RUS"]
[Date "2008.02.02"]
[Round "1.37"]
[White "Kazhgaleyev, Murtas"]
[Black "Fazulyanov, Sergey"]
[Result "1-0"]
[WhiteElo "2594"]
[BlackElo "2355"]
[PlyCount "66"]
[EventDate "2008.02.02"]
[EventType "swiss"]
[EventRounds "9"]
[EventCountry "RUS"]
[Source "lmi"]
[SourceDate "2008.02.02"]

1. d4 d5 2. c4 c6 3. Nc3 Nf6 4. Nf3 a6 5. c5 b5 6. Bf4 Bf5 7. e3 Nbd7 8. Be2 g6
9. Nd2 h5 10. b4 Bh6 11. Bxh6 Rxh6 12. a4 e5 13. Nb3 Ne4 14. Nxe4 Bxe4 15. O-O
Rc8 16. axb5 axb5 17. f3 Bf5 18. Ra7 Qg5 19. Qd2 e4 20. f4 Qf6 21. Na5 Kf8 22.
Nb7 Kg7 23. Nd6 Rhh8 24. Nxc8 Rxc8 25. Qa2 Nb8 26. Rb7 Nd7 27. Qa7 Qd8 28. Qa5
Qxa5 29. bxa5 Ra8 30. Ra1 Ra6 31. h3 Be6 32. g4 hxg4 33. hxg4 Kf8 1-0

[Event "4. Moscu Open 2008"]
[Site "Moscu RUS"]
[Date "2008.02.02"]
[Round "1.39"]
[White "Oleksienko, Mikhailo"]
[Black "Prokopchuk, Yury"]
[Result "1-0"]
[WhiteElo "2590"]
[BlackElo "2346"]
[PlyCount "63"]
[EventDate "2008.02.02"]
[EventType "swiss"]
[EventRounds "9"]
[EventCountry "RUS"]
[Source "lmi"]
[SourceDate "2008.02.02"]

1. e4 Nf6 2. e5 Nd5 3. d4 d6 4. Nf3 dxe5 5. Nxe5 c6 6. Be2 Bf5 7. g4 Bc8 8. c4
Nb6 9. Nc3 f6 10. Nf3 Bxg4 11. Qb3 Be6 12. a4 a5 13. Be3 N8d7 14. Rd1 Bf7 15.
d5 Qc7 16. Nd4 Nc5 17. Ne6 Bxe6 18. Bxc5 Nd7 19. Bb6 Qxb6 20. Qxb6 Nxb6 21.
dxe6 Rd8 22. O-O f5 23. c5 Na8 24. Nb5 g6 25. Rxd8+ Kxd8 26. Rd1+ Kc8 27. Rd7
cxb5 28. axb5 Nc7 29. Bc4 Ne8 30. b6 Nf6 31. c6 bxc6 32. Ba6+ 1-0

[Event "4. Moscu Open 2008"]
[Site "Moscu RUS"]
[Date "2008.02.02"]
[Round "1.40"]
[White "Egorov, Dmitry"]
[Black "Savchenko, Boris"]
[Result "0-1"]
[WhiteElo "2590"]
[BlackElo "2589"]
[PlyCount "50"]
[EventDate "2008.02.02"]
[EventType "swiss"]
[EventRounds "9"]
[EventCountry "RUS"]
[Source "lmi"]
[SourceDate "2008.02.02"]

1. e4 c5 2. Nf3 Nc6 3. c3 Nf6 4. e5 Nd5 5. d4 cxd4 6. cxd4 d6 7. exd6 e6 8. Nc3
Qxd6 9. Bc4 Be7 10. O-O O-O 11. a3 Rd8 12. Ne4 Qc7 13. Ba2 b6 14. Bd2 Bb7 15.
Rc1 Nf6 16. Neg5 h6 17. Nxf7 Kxf7 18. Ne5+ Kf8 19. Qc2 Rxd4 20. Rfe1 Qxe5 21.
Rxe5 Nxe5 22. Bxe6 Be4 23. Qc3 Rad8 24. Be1 Nd3 25. Rd1 Nf4 0-1

[Event "4. Moscu Open 2008"]
[Site "Moscu RUS"]
[Date "2008.02.02"]
[Round "1.41"]
[White "Iordachescu, Viorel"]
[Black "Losev, Dmitry"]
[Result "1/2-1/2"]
[WhiteElo "2586"]
[BlackElo "2344"]
[PlyCount "75"]
[EventDate "2008.02.02"]
[EventType "swiss"]
[EventRounds "9"]
[EventCountry "RUS"]
[Source "lmi"]
[SourceDate "2008.02.02"]

1. e4 c5 2. Nf3 d6 3. d4 cxd4 4. Nxd4 Nf6 5. Nc3 g6 6. Be3 Bg7 7. f3 a6 8. Qd2
Nbd7 9. g4 b5 10. O-O-O Bb7 11. h4 Rc8 12. h5 Rg8 13. hxg6 hxg6 14. g5 Nh5 15.
Bh3 Rc4 16. Kb1 Ne5 17. Bg2 Rb4 18. Nb3 Nc4 19. Qe1 Nxe3 20. Qxe3 Qc7 21. Ne2
Rc4 22. c3 b4 23. Nd2 Rc6 24. cxb4 Ng3 25. Rhe1 Nxe2 26. Rxe2 a5 27. b5 Rc5 28.
a4 Rh8 29. Nb3 Rc4 30. Rc1 Rh2 31. Rec2 d5 32. exd5 Bxd5 33. b6 Qd6 34. Nxa5
Rxc2 35. Rxc2 Be6 36. Nc4 Bxc4 37. Rxc4 Qd1+ 38. Ka2 1/2-1/2

[Event "4. Moscu Open 2008"]
[Site "Moscu RUS"]
[Date "2008.02.02"]
[Round "1.42"]
[White "Pisakov, Ilia"]
[Black "Zakhartsov, Viacheslav V"]
[Result "1/2-1/2"]
[WhiteElo "2344"]
[BlackElo "2585"]
[PlyCount "60"]
[EventDate "2008.02.02"]
[EventType "swiss"]
[EventRounds "9"]
[EventCountry "RUS"]
[Source "lmi"]
[SourceDate "2008.02.02"]

1. e4 c5 2. Nf3 d6 3. c3 Nf6 4. h3 Nc6 5. Bd3 g6 6. Bc2 Bg7 7. d4 cxd4 8. cxd4
O-O 9. Nc3 e5 10. Be3 exd4 11. Nxd4 d5 12. O-O Ne5 13. Bg5 dxe4 14. Nxe4 Qb6
15. Nxf6+ Bxf6 16. Bxf6 Qxf6 17. Qe2 Rd8 18. Rfe1 Rxd4 19. Qxe5 Qxe5 20. Rxe5
Be6 21. Rd1 Rad8 22. Rxd4 Rxd4 23. a3 Rd2 24. Rc5 b5 25. b3 a6 26. Kf1 Bc4+ 27.
bxc4 Rxc2 28. Rc6 bxc4 29. Rxa6 Kf8 30. Ra7 Ra2 1/2-1/2

[Event "4. Moscu Open 2008"]
[Site "Moscu RUS"]
[Date "2008.02.02"]
[Round "1.43"]
[White "Grigoriants, Sergey"]
[Black "Stukopin, Andrey"]
[Result "1/2-1/2"]
[WhiteElo "2583"]
[BlackElo "2342"]
[PlyCount "64"]
[EventDate "2008.02.02"]
[EventType "swiss"]
[EventRounds "9"]
[EventCountry "RUS"]
[Source "lmi"]
[SourceDate "2008.02.02"]

1. e4 c5 2. Nf3 e6 3. d4 cxd4 4. Nxd4 a6 5. Bd3 Bc5 6. Nb3 Ba7 7. O-O Nc6 8.
Qg4 Nf6 9. Qg3 d6 10. Nc3 Ne5 11. Kh1 b5 12. Bd2 O-O 13. Rae1 Kh8 14. Nd1 Nxd3
15. cxd3 e5 16. Bg5 h6 17. Qh4 Kg8 18. Bxf6 Qxf6 19. Qxf6 gxf6 20. f4 Be6 21.
Nc3 b4 22. Nd5 Bxd5 23. exd5 exf4 24. Rxf4 Rae8 25. Ref1 Re5 26. Rxb4 Rxd5 27.
d4 Re8 28. h4 Re2 29. Rf4 Rb5 30. Ra4 Rb6 31. Rxf6 Kg7 32. Rf5 Rxb2 1/2-1/2

[Event "4. Moscu Open 2008"]
[Site "Moscu RUS"]
[Date "2008.02.02"]
[Round "1.45"]
[White "Minasian, Artashes"]
[Black "Tarasov, Oleg"]
[Result "0-1"]
[WhiteElo "2578"]
[BlackElo "2341"]
[PlyCount "70"]
[EventDate "2008.02.02"]
[EventType "swiss"]
[EventRounds "9"]
[EventCountry "RUS"]
[Source "lmi"]
[SourceDate "2008.02.02"]

1. b3 e5 2. Bb2 Nc6 3. e3 Nf6 4. Bb5 Bd6 5. Na3 Na5 6. Nf3 Qe7 7. Qc1 O-O 8.
Be2 c5 9. d3 Nc6 10. Nb5 Bb8 11. c4 d5 12. Nc3 e4 13. dxe4 dxe4 14. Nd2 Rd8 15.
a3 Bf5 16. h3 h5 17. Ra2 Ne5 18. Ba1 Nd3+ 19. Bxd3 Rxd3 20. Ne2 Bc7 21. Bc3
Rad8 22. Qa1 Qd7 23. a4 h4 24. Rc2 Nh5 25. Qb2 Qe6 26. Rg1 Qg6 27. Kf1 Qg5 28.
Qc1 Bg6 29. Qd1 f5 30. Nc1 R3d7 31. Rh1 Qh6 32. Ne2 f4 33. exf4 Nxf4 34. Ra2 e3
35. fxe3 Nxe2 0-1

[Event "4. Moscu Open 2008"]
[Site "Moscu RUS"]
[Date "2008.02.02"]
[Round "1.46"]
[White "Mishin, Alexei"]
[Black "Kurnosov, Igor"]
[Result "1/2-1/2"]
[WhiteElo "2340"]
[BlackElo "2577"]
[PlyCount "116"]
[EventDate "2008.02.02"]
[EventType "swiss"]
[EventRounds "9"]
[EventCountry "RUS"]
[Source "lmi"]
[SourceDate "2008.02.02"]

1. e4 c5 2. c3 d6 3. d4 Nf6 4. dxc5 Nc6 5. f3 d5 6. exd5 Qxd5 7. Qxd5 Nxd5 8.
Bc4 e6 9. Bxd5 exd5 10. Be3 Ne5 11. b4 a5 12. Bd4 Nd3+ 13. Kd2 Bf5 14. Ne2 axb4
15. cxb4 Nxb4 16. Nbc3 Nc2 17. Rac1 Nxd4 18. Nxd4 Be6 19. Rhe1 Bxc5 20. Nxe6
fxe6 21. Nxd5 Rxa2+ 22. Kd3 Ra3+ 23. Kc4 Bd6 24. Rxe6+ Kd7 25. Rce1 Rc8+ 26.
Kd4 Bc5+ 27. Ke5 Rc6 28. Kf5 Ra5 29. R6e2 Bd4 30. Ke4 Bf2 31. Rd1 Re6+ 32. Kf4
Rxe2 33. Nc3+ Ke6 34. Nxe2 Ra4+ 35. Kg5 Bh4+ 36. Kh5 Bf6 37. f4 Re4 38. Rd2 b5
39. Kg4 b4 40. Kf3 Rc4 41. Rd3 h5 42. g3 Rc6 43. Ke4 Rd6 44. Rb3 Rd2 45. Ke3
Rb2 46. Rd3 Rb1 47. Nd4+ Kd5 48. Nb3+ Kc6 49. h3 Bc3 50. Nd4+ Kc5 51. Ne6+ Kc4
52. Rd8 b3 53. Rc8+ Kb4 54. Nc5 b2 55. Nd3+ Kb3 56. Nxb2 Bxb2 57. h4 Rg1 58.
Kf3 Bd4 1/2-1/2

[Event "4. Moscu Open 2008"]
[Site "Moscu RUS"]
[Date "2008.02.02"]
[Round "1.47"]
[White "Andreikin, Dmitry"]
[Black "Prihotko, Alexander"]
[Result "1-0"]
[WhiteElo "2573"]
[BlackElo "2340"]
[PlyCount "103"]
[EventDate "2008.02.02"]
[EventType "swiss"]
[EventRounds "9"]
[EventCountry "RUS"]
[Source "lmi"]
[SourceDate "2008.02.02"]

1. e4 Nc6 2. d4 e5 3. d5 Nce7 4. Nf3 Ng6 5. h4 h5 6. g3 Bc5 7. Nc3 Nf6 8. Bg5
a6 9. Be2 d6 10. Nd2 Bg4 11. Bxg4 hxg4 12. f3 gxf3 13. Qxf3 Nf8 14. Bxf6 Qxf6
15. Qxf6 gxf6 16. Ke2 Ke7 17. Raf1 Nh7 18. Rf5 Rag8 19. Kf3 Bd4 20. Ne2 Bc5 21.
Rh5 Rg7 22. Rh2 Rhg8 23. Rg2 Rh8 24. g4 Rgg8 25. Ng3 Nf8 26. Nf5+ Ke8 27. Rxh8
Rxh8 28. Nf1 Ng6 29. Rh2 Kd7 30. N1g3 Nf8 31. Nh5 Nh7 32. Nh6 Rf8 33. Rh3 Bd4
34. c3 Bc5 35. Ke2 Ke7 36. Rf3 Bb6 37. a4 Bc5 38. Rf1 Bb6 39. Kd3 Bc5 40. b4
Bb6 41. a5 Ba7 42. c4 Bb8 43. c5 Ba7 44. Kc4 Bb8 45. c6 bxc6 46. dxc6 Ba7 47.
Nf5+ Kd8 48. b5 Rg8 49. Nhg7 Nf8 50. Rb1 axb5+ 51. Rxb5 Ne6 52. Rb7 1-0

[Event "4. Moscu Open 2008"]
[Site "Moscu RUS"]
[Date "2008.02.02"]
[Round "1.48"]
[White "Kozlov, Vladimir N"]
[Black "Korobov, Anton"]
[Result "0-1"]
[WhiteElo "2337"]
[BlackElo "2573"]
[PlyCount "76"]
[EventDate "2008.02.02"]
[EventType "swiss"]
[EventRounds "9"]
[EventCountry "RUS"]
[Source "lmi"]
[SourceDate "2008.02.02"]

1. e4 e6 2. d4 d5 3. Nc3 Bb4 4. Nge2 dxe4 5. a3 Be7 6. Nxe4 Nc6 7. Be3 Nf6 8.
N2c3 Nd5 9. Bb5 Nxe3 10. fxe3 O-O 11. Qe2 Bd7 12. O-O-O f5 13. Nf2 a6 14. Bc4
Kh8 15. d5 exd5 16. Bxd5 Bd6 17. e4 Qg5+ 18. Kb1 Rae8 19. h4 Qh6 20. g4 fxg4
21. Nxg4 Qf4 22. Ne3 Bc5 23. Ng2 Qf2 24. Rdf1 Qxe2 25. Nxe2 Rxf1+ 26. Rxf1 b5
27. Rf7 Ne5 28. Rf1 c6 29. Bb3 g6 30. Ngf4 Bg4 31. Nc1 Nf3 32. Rh1 Rxe4 33.
Nfd3 Bb6 34. Nb4 c5 35. Nxa6 c4 36. Ba2 Nd2+ 37. Ka1 Bf3 38. Rh2 Nf1 0-1

[Event "4. Moscu Open 2008"]
[Site "Moscu RUS"]
[Date "2008.02.02"]
[Round "1.49"]
[White "Evdokimov, Alexander A"]
[Black "Tjurin, Alexander P"]
[Result "1-0"]
[WhiteElo "2569"]
[BlackElo "2337"]
[PlyCount "79"]
[EventDate "2008.02.02"]
[EventType "swiss"]
[EventRounds "9"]
[EventCountry "RUS"]
[Source "lmi"]
[SourceDate "2008.02.02"]

1. d4 Nf6 2. c4 e5 3. dxe5 Ng4 4. Bf4 g5 5. Bg3 Nc6 6. Nf3 Bg7 7. e3 Ngxe5 8.
Nxe5 Nxe5 9. Nc3 d6 10. c5 O-O 11. cxd6 cxd6 12. Be2 Be6 13. O-O f5 14. Qd2 Qe7
15. f4 Nc4 16. Bxc4 Bxc4 17. Rfe1 Rad8 18. fxg5 Qxg5 19. b3 Be6 20. Rac1 Be5
21. Bf4 Qg6 22. Nb5 a6 23. Nd4 Bxf4 24. exf4 Bd5 25. Re3 Qf6 26. Rg3+ Kh8 27.
Rc7 Rf7 28. Rxf7 Bxf7 29. Nxf5 Bg6 30. Nd4 Re8 31. Re3 Be4 32. Ne2 d5 33. Qc3
Kg7 34. Kf2 Kf7 35. Qxf6+ Kxf6 36. Nc3 Re6 37. g4 h5 38. h3 h4 39. Nxe4+ dxe4
40. Rc3 1-0

[Event "4. Moscu Open 2008"]
[Site "Moscu RUS"]
[Date "2008.02.02"]
[Round "1.50"]
[White "Kruglov, Viktor"]
[Black "Kharitonov, Andrei  V"]
[Result "0-1"]
[WhiteElo "2336"]
[BlackElo "2569"]
[PlyCount "66"]
[EventDate "2008.02.02"]
[EventType "swiss"]
[EventRounds "9"]
[EventCountry "RUS"]
[Source "lmi"]
[SourceDate "2008.02.02"]

1. e4 e6 2. d4 d5 3. Nc3 Bb4 4. e5 Ne7 5. a3 Bxc3+ 6. bxc3 b6 7. Qg4 Ng6 8. Nf3
Ba6 9. Bxa6 Nxa6 10. h4 h5 11. Qh3 Qd7 12. a4 O-O-O 13. O-O Nb8 14. a5 f6 15.
exf6 gxf6 16. Be3 Nc6 17. axb6 axb6 18. Rfb1 Nce7 19. Ra7 Qc6 20. Ne1 Kd7 21.
Nd3 Ra8 22. Rba1 Rxa7 23. Rxa7 Qxc3 24. Qg3 Qxc2 25. Nc5+ bxc5 26. Rxc7+ Ke8
27. Rxe7+ Kxe7 28. Qc7+ Ke8 29. dxc5 d4 30. Qc8+ Kf7 31. Qd7+ Ne7 32. Qxd4 Nd5
33. Bd2 Rg8 0-1

[Event "4. Moscu Open 2008"]
[Site "Moscu RUS"]
[Date "2008.02.02"]
[Round "1.51"]
[White "Svetushkin, Dmitry"]
[Black "Davydov, Sergey P"]
[Result "1-0"]
[WhiteElo "2565"]
[BlackElo "2335"]
[PlyCount "75"]
[EventDate "2008.02.02"]
[EventType "swiss"]
[EventRounds "9"]
[EventCountry "RUS"]
[Source "lmi"]
[SourceDate "2008.02.02"]

1. d4 Nf6 2. c4 c5 3. d5 e5 4. Nc3 d6 5. e4 Be7 6. g3 O-O 7. Bg2 Ne8 8. Nge2
Nd7 9. O-O a6 10. a4 Rb8 11. f4 Nc7 12. a5 Bf6 13. f5 Bg5 14. h4 Bxc1 15. Nxc1
b5 16. axb6 Rxb6 17. b3 Ne8 18. Ra2 Rb8 19. Bf3 Qb6 20. g4 Qb4 21. Qc2 Kh8 22.
g5 Qb6 23. Qd3 Qd8 24. Rg2 Nb6 25. Bd1 Rb7 26. N1e2 Bd7 27. Ng3 a5 28. Nh5 Ra7
29. Rff2 Qa8 30. g6 Qd8 31. gxh7 Qxh4 32. Rh2 Qd8 33. Rfg2 Bc8 34. Nb5 Rd7 35.
Qd2 a4 36. Nxg7 Nxg7 37. Rxg7 Kxg7 38. Qh6+ 1-0

[Event "4. Moscu Open 2008"]
[Site "Moscu RUS"]
[Date "2008.02.02"]
[Round "1.52"]
[White "Umansky, Vladimir"]
[Black "Khismatullin, Denis"]
[Result "0-1"]
[WhiteElo "2333"]
[BlackElo "2564"]
[PlyCount "90"]
[EventDate "2008.02.02"]
[EventType "swiss"]
[EventRounds "9"]
[EventCountry "RUS"]
[Source "lmi"]
[SourceDate "2008.02.02"]

1. d4 Nf6 2. c4 e6 3. Nc3 Bb4 4. Bg5 h6 5. Bh4 c5 6. d5 d6 7. e3 Bxc3+ 8. bxc3
e5 9. Qc2 Qe7 10. Nf3 Nbd7 11. Nd2 g5 12. Bg3 Nh5 13. h3 Nxg3 14. fxg3 Nf6 15.
Bd3 g4 16. Bf5 Nh5 17. Bxc8 Nxg3 18. Bxb7 Qxb7 19. Ne4 Nxe4 20. Qxe4 gxh3 21.
Rxh3 Rb8 22. Rc1 Qb2 23. Rc2 Qb1+ 24. Kd2 Rg8 25. g4 Qg1 26. Rh1 Qxg4 27. Qxg4
Rxg4 28. Rxh6 Ke7 29. Rh2 Rxc4 30. Kd3 Ra4 31. e4 Rg8 32. Rh3 Rg4 33. Rb2 Raxe4
34. Rb7+ Kf6 35. Rf3+ Ref4 36. Rxf4+ Rxf4 37. Rd7 Rh4 38. Rxd6+ Kg5 39. Rc6 f5
40. d6 Rh8 41. Rxc5 Kf6 42. c4 Ke6 43. Rc6 Rh3+ 44. Ke2 Kd7 45. Ra6 Rc3 0-1

[Event "4. Moscu Open 2008"]
[Site "Moscu RUS"]
[Date "2008.02.02"]
[Round "1.53"]
[White "Shomoev, Anton"]
[Black "Benza, Artem"]
[Result "1/2-1/2"]
[WhiteElo "2562"]
[BlackElo "2333"]
[PlyCount "69"]
[EventDate "2008.02.02"]
[EventType "swiss"]
[EventRounds "9"]
[EventCountry "RUS"]
[Source "lmi"]
[SourceDate "2008.02.02"]

1. e4 c5 2. Nf3 d6 3. d4 cxd4 4. Nxd4 Nf6 5. Nc3 a6 6. Bg5 e6 7. f4 Be7 8. Qf3
Qc7 9. O-O-O Nbd7 10. g4 h6 11. Bxf6 gxf6 12. Bd3 Nc5 13. Rhe1 Bd7 14. Qh3
O-O-O 15. Qh5 Rdf8 16. Kb1 Kb8 17. Bf1 Rh7 18. Bg2 Rc8 19. Re3 Qb6 20. Rg3 Na4
21. Nxa4 Bxa4 22. Ra3 Rc4 23. Rad3 e5 24. fxe5 fxe5 25. Nb3 Bg5 26. Rf3 Rxe4
27. Rf5 Re2 28. Bf1 Qe3 29. Bxe2 Qxe2 30. Rff1 f6 31. Rfe1 Qf2 32. Rf1 Qe2 33.
Rde1 Qg2 34. Rg1 Qf2 35. Rgf1 1/2-1/2

[Event "4. Moscu Open 2008"]
[Site "Moscu RUS"]
[Date "2008.02.02"]
[Round "1.54"]
[White "Rjabzev, Konstantin"]
[Black "Vovk, Yuri"]
[Result "0-1"]
[WhiteElo "2332"]
[BlackElo "2561"]
[PlyCount "74"]
[EventDate "2008.02.02"]
[EventType "swiss"]
[EventRounds "9"]
[EventCountry "RUS"]
[Source "lmi"]
[SourceDate "2008.02.02"]

1. e4 c5 2. Nf3 d6 3. d4 cxd4 4. Nxd4 Nf6 5. Nc3 Nc6 6. Be2 e5 7. Nb3 Be7 8.
O-O O-O 9. Be3 Be6 10. f3 a5 11. Nd5 a4 12. Bb6 Qd7 13. Nc1 a3 14. bxa3 Bxd5
15. exd5 Bd8 16. Bxd8 Nxd8 17. Qd3 Ra5 18. c4 b6 19. Qe3 Qa7 20. Rb1 Nd7 21.
Rb3 Nb7 22. f4 Nbc5 23. Rc3 exf4 24. Rxf4 Ne5 25. Bd3 Re8 26. Bc2 b5 27. Kh1
bxc4 28. h3 Ra8 29. Rh4 h6 30. Rxh6 gxh6 31. Qxh6 Ncd3 32. Nxd3 cxd3 33. Bxd3
Nxd3 34. Qg5+ Kf8 35. Qh6+ Ke8 36. Rxd3 Rxa3 37. Rd1 Qe7 0-1

[Event "4. Moscu Open 2008"]
[Site "Moscu RUS"]
[Date "2008.02.02"]
[Round "1.55"]
[White "Nguyen, Ngoc Truong Son"]
[Black "Sharafiev, Azat"]
[Result "1-0"]
[WhiteElo "2551"]
[BlackElo "2332"]
[PlyCount "46"]
[EventDate "2008.02.02"]
[EventType "swiss"]
[EventRounds "9"]
[EventCountry "RUS"]
[Source "lmi"]
[SourceDate "2008.02.02"]

1. e4 Nc6 2. Nf3 e5 3. Bb5 a6 4. Bxc6 dxc6 5. O-O f6 6. d4 exd4 7. Nxd4 c5 8.
Ne2 Qxd1 9. Rxd1 Bd6 10. Nbc3 Be6 11. Bf4 O-O-O 12. Bxd6 cxd6 13. Nf4 Bf7 14.
Nfd5 Kd7 15. Rd3 Ne7 16. Nxe7 Kxe7 17. Rad1 Rd7 18. f3 b5 19. Kf2 Bc4 20. Re3
Re8 21. Nd5+ Bxd5 22. Rxd5 Ke6 23. f4 Rc7 1-0